000 00557nam a2200181Ia 4500
008 151119s9999||||xx |||||||||||||| ||und||
082 _bGKKV33172
100 _aमाडगुळकर ग दि
245 _aबोलका शंख
260 _aऔरंगाबाद
260 _bसाकेत प्रकाशन
260 _c2014
600 _aमाडगुळकर ग दि
630 _aबोलका शंख
700 _aमाडगुळकर ग दि
730 _aबोलका शंख
942 _cBOOK
999 _c1085472
_d1085469